000
00284nam a22001337a 4500
008
181206b xxu||||| |||| 00| 0 eng d
020
_a
0435085476
041
_a
eng
080
_a
370
100
_a
47
101
_a
EDU
245
_a
Real Books Reading
_c
Linda.H
942
_2
udc
_c
BK
999
_c
52951
_d
52951